[Event "Politiken Cup 2011"]
[Site "Helsingor"]
[Date "2011.07.31"]
[Round "2.146"]
[White "Brobakken, Jørgen"]
[Black "Larsen, Eigil"]
[Result "0-1"]
[WhiteElo "1000"]
[BlackElo "1811"]
[PlyCount "78"]
[EventDate "2011.??.??"]
[WhiteTeam "Hamar"]
[BlackTeam "Nordkalotten"]

1. Nf3 d5 2. d4 Nf6 3. g3 c5 4. c3 Nc6 5. e3 Qc7 6. Bg2 Bf5 7. Nbd2 e6 8. Nb3
Ne4 9. dxc5 Nxc5 10. O-O Be7 11. Nbd4 Bd3 12. Re1 Bg6 13. Nd2 O-O 14. b4 Nd3
15. Rf1 Nxd4 16. exd4 Qxc3 17. Rb1 Rac8 18. Nb3 Nxc1 19. Rxc1 Qxb4 20. Qd2 Qxd2
21. Nxd2 Bd3 22. Rfe1 Bb4 23. Red1 Rxc1 24. Rxc1 Bxd2 25. Rd1 Rc8 26. Rxd2 Rc1+
27. Bf1 Bxf1 28. Rc2 Rxc2 29. Kxf1 Rxa2 30. Kg2 b5 31. Kf1 b4 32. Ke1 b3 33.
Kd1 Rxf2 34. Kc1 a5 35. Kb1 a4 36. Kc1 a3 37. Kd1 b2 38. Ke1 Rxh2 39. Kf1 b1=Q#
0-1

[Event "Politiken Cup 2011"]
[Site "Helsingor"]
[Date "2011.07.31"]
[Round "2.147"]
[White "Nielsen, Peter"]
[Black "Dyrhaug, Erling Skjolas"]
[Result "1-0"]
[WhiteElo "1802"]
[BlackElo "1000"]
[PlyCount "167"]
[EventDate "2011.??.??"]
[WhiteTeam "Enkeltmedlem"]
[BlackTeam "Stavanger"]

1. d4 e6 2. Nf3 d5 3. c4 Nf6 4. Bg5 Be7 5. Nc3 Nbd7 6. e3 c6 7. Bd3 h6 8. Bh4
O-O 9. O-O b6 10. a3 a5 11. Rc1 Qc7 12. cxd5 exd5 13. e4 dxe4 14. Bxe4 Nxe4 15.
Bxe7 Nxc3 16. Rxc3 Re8 17. Bh4 Bb7 18. Re1 c5 19. Rce3 Rxe3 20. Rxe3 cxd4 21.
Nxd4 Ne5 22. Bg3 f6 23. Rc3 Qd7 24. f4 Nc6 25. Rd3 Rd8 26. Qb3+ Kh7 27. Bf2
Nxd4 28. Rxd4 Qc6 29. Qd3+ g6 30. Kf1 Qxg2+ 31. Ke1 Re8+ 32. Be3 Qg1+ 33. Kd2
Qxh2+ 34. Kc3 Rc8+ 35. Kb3 Rg8 36. Rd7+ Rg7 37. Rxg7+ Kxg7 38. Qd7+ Kg8 39.
Qxb7 Qh3 40. Qd5+ Kg7 41. Qb7+ Kg8 42. Qxb6 g5 43. fxg5 hxg5 44. Ka4 g4 45.
Qe6+ Kg7 46. Bf4 Kg6 47. Kxa5 Qh5+ 48. Kb6 Qf5 49. Qg8+ Kh5 50. Qf7+ Kh4 51.
Qc7 Qe6+ 52. Ka7 Qe4 53. b4 Kh3 54. Qc3+ Qf3 55. Qxf3+ gxf3 56. Be3 Kg3 57. b5
f2 58. Bxf2+ Kxf2 59. b6 f5 60. b7 f4 61. b8=Q f3 62. Qf8 Ke3 63. a4 f2 64. a5
Ke2 65. a6 f1=Q 66. Qxf1+ Kxf1 67. Kb7 Ke2 68. a7 Kd3 69. a8=Q Kd4 70. Qa5 Ke4
71. Kc6 Kf4 72. Qd5 Ke3 73. Kc5 Kf4 74. Kd4 Kg4 75. Qf7 Kg5 76. Ke4 Kg4 77.
Qf3+ Kg5 78. Qf4+ Kg6 79. Ke5 Kg7 80. Qf6+ Kg8 81. Kf5 Kh7 82. Qg5 Kh8 83. Kf6
Kh7 84. Qg7# 1-0

[Event "Politiken Cup 2011"]
[Site "Helsingor"]
[Date "2011.07.31"]
[Round "2.148"]
[White "Haukenes, Elias"]
[Black "Henningsson, Hjalte Skov"]
[Result "0-1"]
[WhiteElo "1000"]
[BlackElo "1794"]
[PlyCount "42"]
[EventDate "2011.??.??"]
[WhiteTeam "Hamar"]
[BlackTeam "Øbro"]

1. d4 Nf6 2. Nf3 b6 3. Bf4 Bb7 4. Nbd2 e6 5. e3 c5 6. c3 g6 7. Bd3 d5 8. b3 Nc6
9. O-O Be7 10. Re1 cxd4 11. cxd4 O-O 12. Ne5 Nxe5 13. dxe5 Nd7 14. Qf3 Nc5 15.
Bc2 d4 16. Qg3 f5 17. Bh6 Rf7 18. Nf3 Bxf3 19. gxf3 d3 20. Bb1 Kh8 21. Bf4 g5
0-1

[Event "Politiken Cup 2011"]
[Site "Helsingor"]
[Date "2011.07.31"]
[Round "2.149"]
[White "Gupta, Sudhir Kumar"]
[Black "Haukenes, Jonas"]
[Result "1-0"]
[WhiteElo "1791"]
[BlackElo "1000"]
[PlyCount "45"]
[EventDate "2011.??.??"]
[WhiteTeam "Stavanger"]
[BlackTeam "Hamar"]

1. e4 e5 2. Nf3 Nc6 3. d4 d6 4. d5 Nb4 5. a3 Na6 6. Bxa6 bxa6 7. O-O Be7 8. c4
Nf6 9. Nc3 O-O 10. c5 dxc5 11. Nxe5 Bd6 12. Nc6 Qe8 13. Re1 Bb7 14. Na5 Rb8 15.
Nc4 Qd7 16. e5 Rbe8 17. Bf4 h6 18. h3 Kh8 19. exd6 Rxe1+ 20. Qxe1 Re8 21. Qd2
c6 22. Ne5 Qf5 23. dxc6 1-0

[Event "Politiken Cup 2011"]
[Site "Helsingor"]
[Date "2011.07.31"]
[Round "2.150"]
[White "Hjornevik, Oyvind"]
[Black "Aartun, Magnus"]
[Result "0-1"]
[WhiteElo "1000"]
[BlackElo "1788"]
[PlyCount "72"]
[EventDate "2011.??.??"]
[WhiteTeam "Sandness"]
[BlackTeam "Stavanger"]

1. e4 d5 2. Nc3 d4 3. Nd5 e5 4. Nf3 c6 5. Nb4 Bxb4 6. c3 dxc3 7. bxc3 Bd6 8.
Bc4 b5 9. Bb3 Bg4 10. d4 Nd7 11. Bg5 Bxf3 12. Qxf3 Ngf6 13. O-O h6 14. Be3 O-O
15. d5 c5 16. c4 bxc4 17. Bxc4 Nb6 18. Bb5 Rc8 19. a4 a5 20. Bc6 Nc4 21. Rac1
Nxe3 22. Qxe3 Rb8 23. Bb5 Qb6 24. Rb1 c4 25. Qe2 Qd4 26. Bxc4 Nxe4 27. Rfd1
Rxb1 28. Rxb1 Nc3 29. Qb2 Nxb1 30. Qxb1 Qxc4 31. g3 Qxd5 32. h4 Rc8 33. g4 Ba3
34. Qf5 Rc1+ 35. Kh2 Qh1+ 36. Kg3 Rg1# 0-1

[Event "Politiken Cup 2011"]
[Site "Helsingor"]
[Date "2011.07.31"]
[Round "2.151"]
[White "Kopperberg, Steen"]
[Black "Løndalen, Sindre"]
[Result "1/2-1/2"]
[WhiteElo "1782"]
[BlackElo "1000"]
[PlyCount "100"]
[EventDate "2011.??.??"]
[WhiteTeam "Frederiksværk"]
[BlackTeam "Sevland"]

1. d4 d5 2. Nf3 Nc6 3. c3 Bf5 4. Bf4 Bxb1 5. Rxb1 Nf6 6. h3 g6 7. e3 a6 8. Bd3
Bg7 9. Qc2 O-O 10. O-O Re8 11. Ne5 Nxe5 12. Bxe5 c6 13. Qb3 b5 14. a4 Ne4 15.
Bxe4 Bxe5 16. dxe5 dxe4 17. axb5 axb5 18. Qb4 Qd5 19. Qd4 Red8 20. Ra1 Ra4 21.
Rxa4 bxa4 22. Qxa4 c5 23. Qa5 Rb8 24. b4 Qxe5 25. b5 Qd5 26. b6 Qc6 27. Rb1 Qd5
28. b7 Kg7 29. Qc7 Qd6 30. Qxd6 exd6 31. Rb6 f5 32. Rxd6 Rxb7 33. Rc6 Rb5 34.
Kh2 g5 35. Kg3 Rb2 36. Rxc5 Kg6 37. Rc6+ Kg7 38. Rc7+ Kg6 39. Rc6+ Kf7 40. f4
exf3 41. Kxf3 h5 42. g3 Rh2 43. Rc7+ Ke6 44. e4 fxe4+ 45. Kxe4 Rxh3 46. Rc6+
Kd7 47. Rh6 Rxg3 48. Rxh5 g4 49. Kf4 Rg1 50. Rg5 Kc6 1/2-1/2

[Event "Politiken Cup 2011"]
[Site "Helsingor"]
[Date "2011.07.31"]
[Round "2.152"]
[White "Svane"]
[Black "Christophersen, David"]
[Result "0-1"]
[WhiteElo "1000"]
[BlackElo "1777"]
[PlyCount "48"]
[EventDate "2011.??.??"]
[WhiteTeam "Lubecker Schachverein"]
[BlackTeam "Allerød"]

1. Nf3 d5 2. g3 c5 3. d3 Nc6 4. Bg2 e5 5. O-O Nf6 6. Nbd2 Bg4 7. c4 d4 8. Rb1
Qd7 9. b3 Bd6 10. Ba3 h5 11. Re1 Bh3 12. Ng5 Bxg2 13. Kxg2 h4 14. Nf1 hxg3 15.
Nxg3 Qg4 16. Bc1 e4 17. Rh1 e3 18. f3 Qxg5 19. Qe1 O-O-O 20. h3 Nh5 21. Rg1
Bxg3 22. Qf1 Nf4+ 23. Kh1 Nxh3 24. Kg2 Nf4# 0-1

[Event "Politiken Cup 2011"]
[Site "Helsingor"]
[Date "2011.07.31"]
[Round "2.153"]
[White "Nielsen, Leo"]
[Black "Svane, Freja"]
[Result "1-0"]
[WhiteElo "1775"]
[BlackElo "1000"]
[PlyCount "79"]
[EventDate "2011.??.??"]
[WhiteTeam "Helsingør"]
[BlackTeam "Lübecker Schackverein"]

1. e4 c5 2. Nf3 Nc6 3. Bc4 Nh6 4. d4 e6 5. O-O Be7 6. d5 Na5 7. Na3 O-O 8. d6
Bf6 9. e5 Bh4 10. g3 Bf6 11. Bxh6 b6 12. exf6 Qxf6 13. Bc1 Bb7 14. Be2 c4 15.
c3 Bc6 16. Qd4 Qf5 17. Bf4 Qh3 18. Nxc4 Nxc4 19. Qxc4 Rab8 20. Rfe1 b5 21. Qd3
a5 22. Bf1 Qg4 23. Ne5 Qh5 24. Nxc6 dxc6 25. Re5 Qg4 26. Be2 Qh3 27. Rh5 Qxh5
28. Bxh5 Rbd8 29. d7 a4 30. Bc7 Ra8 31. d8=Q Raxd8 32. Bxd8 h6 33. Qd7 g6 34.
Bf3 Kg7 35. Re1 c5 36. Rxe6 b4 37. Be4 bxc3 38. Rxg6+ Kh8 39. Rxh6+ Kg8 40.
Qg4# 1-0

[Event "Politiken Cup 2011"]
[Site "Helsingor"]
[Date "2011.07.31"]
[Round "2.154"]
[White "Svane, Kristian"]
[Black "Rasmussen, Ole"]
[Result "0-1"]
[WhiteElo "1000"]
[BlackElo "1769"]
[PlyCount "74"]
[EventDate "2011.??.??"]
[WhiteTeam "Lübecker Schackverein"]
[BlackTeam "Hillerød"]

1. Nf3 d5 2. g3 g6 3. Bg2 Bg7 4. O-O Nf6 5. d3 O-O 6. Nbd2 Nbd7 7. e4 dxe4 8.
dxe4 e5 9. b3 Re8 10. Bb2 h6 11. Qe2 a6 12. Rad1 b5 13. Ba3 c5 14. c4 b4 15.
Bb2 Qc7 16. Ra1 Bb7 17. Rfd1 a5 18. Nh4 Rad8 19. Re1 Nh7 20. Kh1 Ng5 21. Nhf3
Nxf3 22. Bxf3 Nf8 23. Rad1 Ne6 24. Bg2 Nd4 25. Qd3 Bc8 26. f3 Qe7 27. Bxd4 Rxd4
28. Qe2 Red8 29. Rf1 Qd7 30. Rf2 h5 31. f4 exf4 32. gxf4 Bh6 33. Qe3 Qg4 34.
Bf3 Qxf4 35. Qxf4 Bxf4 36. Be2 Bxd2 37. Rxd2 Rxd2 0-1

[Event "Politiken Cup 2011"]
[Site "Helsingor"]
[Date "2011.07.31"]
[Round "2.132"]
[White "Henningsen, Lasse"]
[Black "Petersen, Jan"]
[Result "1-0"]
[WhiteElo "1670"]
[BlackElo "1396"]
[PlyCount "37"]
[EventDate "2011.??.??"]
[WhiteTeam "Helsingør"]
[BlackTeam "Helsingør"]

1. d4 d5 2. c4 e6 3. Nc3 Nf6 4. Nf3 Be7 5. Bg5 Nbd7 6. e3 O-O 7. Rc1 Re8 8. Bd3
c6 9. Qc2 dxc4 10. Bxc4 h6 11. h4 Nb6 12. Bb3 Nbd5 13. Bxf6 Bxf6 14. g4 Qd6 15.
g5 Nxe3 16. fxe3 hxg5 17. hxg5 Qg3+ 18. Qf2 Qxf2+ 19. Kxf2 1-0

[Event "Politiken Cup 2011"]
[Site "Helsingor"]
[Date "2011.08.04"]
[Round "7.3"]
[White "Cmilyte, Viktorija"]
[Black "Bu, Xiangzhi"]
[Result "1/2-1/2"]
[WhiteElo "2528"]
[BlackElo "2675"]
[PlyCount "49"]
[EventDate "2011.??.??"]
[WhiteTeam "Skanderborg"]
[BlackTeam "Shangdon"]

1. d4 d5 2. c4 c6 3. Nf3 Nf6 4. Nc3 dxc4 5. a4 Bf5 6. e3 e6 7. Bxc4 Bb4 8. O-O
O-O 9. Qe2 Nbd7 10. e4 Bg6 11. Bd3 Bh5 12. e5 Nd5 13. Nxd5 cxd5 14. Qe3 Be7 15.
Ng5 Bxg5 16. Qxg5 Bg6 17. Be2 Nb8 18. Qxd8 Rxd8 19. Bd2 Nc6 20. Bc3 f6 21. f4
Be4 22. a5 Rac8 23. Rfc1 a6 24. g3 Rf8 25. Rf1 1/2-1/2

[Event "Politiken Cup 2011"]
[Site "Helsingor"]
[Date "2011.08.04"]
[Round "7.23"]
[White "Sturt, Raven M"]
[Black "Ni, Hua"]
[Result "0-1"]
[WhiteElo "2231"]
[BlackElo "2662"]
[PlyCount "66"]
[EventDate "2011.??.??"]
[WhiteTeam "Marshall"]
[BlackTeam "Shanghai"]

1. d4 e6 2. c4 Nf6 3. Nf3 d5 4. g3 dxc4 5. Bg2 Nc6 6. Qa4 Bb4+ 7. Bd2 Nd5 8.
Bxb4 Ndxb4 9. O-O Rb8 10. Na3 a6 11. Ne5 Qxd4 12. Nxc6 Nxc6 13. Bxc6+ bxc6 14.
Qxc4 Qxc4 15. Nxc4 f6 16. f4 Ke7 17. b3 Rb5 18. Rac1 Bd7 19. e4 c5 20. Kf2 Rb4
21. Rc2 Bb5 22. Rfc1 Bxc4 23. Rxc4 Rxc4 24. Rxc4 Kd6 25. Ke3 a5 26. Rc2 Kc6 27.
Rd2 Ra8 28. Kd3 Rd8+ 29. Kc3 Rxd2 30. Kxd2 Kb5 31. Kc3 c4 32. a4+ Kc5 33. bxc4
f5 0-1

[Event "Politiken Cup 2011"]
[Site "Helsingor"]
[Date "2011.08.04"]
[Round "7.11"]
[White "Lindberg, Bengt"]
[Black "Fridman, Daniel"]
[Result "0-1"]
[WhiteElo "2391"]
[BlackElo "2659"]
[PlyCount "64"]
[EventDate "2011.??.??"]
[WhiteTeam "Solna SS"]
[BlackTeam "Mulheim"]

1. e4 c6 2. d4 d5 3. Nc3 dxe4 4. Nxe4 Bf5 5. Ng3 Bg6 6. h4 h6 7. Nf3 Nd7 8. h5
Bh7 9. Bd3 Bxd3 10. Qxd3 e6 11. Bd2 Ngf6 12. O-O-O Be7 13. Qe2 Qb6 14. Ne4 Rd8
15. Nxf6+ Nxf6 16. g4 c5 17. dxc5 Bxc5 18. Ne5 Bxf2 19. Kb1 Bd4 20. Nd3 Qb5 21.
Bc1 Nd5 22. c4 Nc3+ 23. Ka1 Nxe2 24. cxb5 Bb6 25. Ne5 Rxd1 26. Rxd1 Nxc1 27.
Rxc1 Ke7 28. Rf1 Rf8 29. Kb1 Bc7 30. Nd3 Rd8 31. Kc2 Rd5 32. a4 Rd4 0-1

[Event "Politiken Cup 2011"]
[Site "Helsingor"]
[Date "2011.08.04"]
[Round "7.4"]
[White "Gustafsson, Jan"]
[Black "Hansen, Sune Berg"]
[Result "1/2-1/2"]
[WhiteElo "2634"]
[BlackElo "2574"]
[PlyCount "43"]
[EventDate "2011.??.??"]
[BlackTeam "Helsingør"]

1. d4 d5 2. c4 c6 3. Nc3 Nf6 4. e3 a6 5. Nf3 g6 6. Be2 Bg7 7. O-O O-O 8. h3
Nbd7 9. cxd5 cxd5 10. Qb3 e6 11. Bd2 Re8 12. Rfc1 b6 13. a4 Ne4 14. Be1 Bb7 15.
Rc2 Nd6 16. Rac1 Rc8 17. Nb1 Rxc2 18. Rxc2 Qb8 19. Bb4 Ne4 20. Nbd2 Nxd2 21.
Bxd2 Rc8 22. Ne1 1/2-1/2

[Event "Politiken Cup 2011"]
[Site "Helsingor"]
[Date "2011.08.04"]
[Round "7.1"]
[White "Hector, Jonny"]
[Black "Kurnosov, Igor"]
[Result "0-1"]
[WhiteElo "2568"]
[BlackElo "2633"]
[PlyCount "66"]
[EventDate "2011.??.??"]
[WhiteTeam "Nordkalotten"]

1. e4 e5 2. Nf3 Nc6 3. Bc4 Bc5 4. b4 Bxb4 5. c3 Ba5 6. d4 exd4 7. Qb3 Qe7 8.
O-O Bb6 9. cxd4 Nxd4 10. Nxd4 Bxd4 11. Nc3 Nf6 12. Nb5 Bxa1 13. Ba3 d6 14. Rxa1
O-O 15. Re1 a6 16. Nd4 c5 17. e5 dxe5 18. Nf3 Be6 19. Nxe5 Bxc4 20. Qxc4 Nd7
21. Nf3 Qd6 22. Qc2 Rfe8 23. Rd1 Qc6 24. h4 Ne5 25. Ng5 Qg6 26. Qc3 f6 27. f4
fxg5 28. fxe5 gxh4 29. Rd7 Rad8 30. Qb3+ Kh8 31. Rxb7 Rd3 32. Qa4 Rd2 33. g4
Rd4 0-1

[Event "Politiken Cup 2011"]
[Site "Helsingor"]
[Date "2011.08.04"]
[Round "7.8"]
[White "Krasenkow, Michal"]
[Black "Blomqvist, Erik"]
[Result "1/2-1/2"]
[WhiteElo "2607"]
[BlackElo "2438"]
[PlyCount "77"]
[EventDate "2011.??.??"]
[BlackTeam "SK Rockaden"]

1. d4 d5 2. c4 c6 3. Nc3 dxc4 4. e4 b5 5. a4 b4 6. Nce2 e6 7. Ng3 Ba6 8. Nf3
Nf6 9. Be2 c5 10. Bg5 Nc6 11. d5 exd5 12. exd5 Qxd5 13. Qxd5 Nxd5 14. O-O-O Nc7
15. Nf5 Ne6 16. Rhe1 Rc8 17. Bf1 Rc7 18. Ne5 Ncd4 19. Nxc4 Bxc4 20. Bxc4 Kd7
21. Bh4 Rc8 22. Ba6 Ra8 23. Bb7 Rb8 24. Bd5 Rb6 25. Nxd4 Nxd4 26. Bxf7 Bd6 27.
Bc4 Bf4+ 28. Kb1 Rh6 29. Re7+ Kd6 30. Rxa7 Rxh4 31. g3 Rxh2 32. gxf4 Rf8 33.
Ra6+ Kd7 34. Rg1 g6 35. Re1 Rxf4 36. Ra7+ Kd6 37. Ra6+ Kd7 38. Ra7+ Kd6 39.
Ra6+ 1/2-1/2

[Event "Politiken Cup 2011"]
[Site "Helsingor"]
[Date "2011.08.04"]
[Round "7.9"]
[White "Johannessen, Leif Erlend"]
[Black "Berg, Emanuel"]
[Result "0-1"]
[WhiteElo "2496"]
[BlackElo "2604"]
[PlyCount "68"]
[EventDate "2011.??.??"]
[WhiteTeam "OSS"]
[BlackTeam "OSS"]

1. d4 Nf6 2. c4 g6 3. Nc3 Bg7 4. e4 d6 5. f3 O-O 6. Bg5 c5 7. d5 e6 8. Qd2 exd5
9. cxd5 h6 10. Be3 a6 11. a4 Re8 12. Nge2 h5 13. Nc1 Nbd7 14. Be2 Nh7 15. O-O
f5 16. Kh1 Ndf6 17. exf5 Bxf5 18. Bc4 h4 19. Nd3 Nh5 20. Bf2 Qf6 21. Rae1 h3
22. Ne4 hxg2+ 23. Kxg2 Bh3+ 24. Kxh3 Rxe4 25. fxe4 Ng5+ 26. Qxg5 Qxg5 27. Bh4
Qh6 28. Kg2 Bd4 29. e5 g5 30. Bg3 Nxg3 31. hxg3 g4 32. Nf4 Bxe5 33. Rxe5 dxe5
34. d6+ Kh8 0-1

[Event "Politiken Cup 2011"]
[Site "Helsingor"]
[Date "2011.08.04"]
[Round "7.12"]
[White "Tikkanen, Hans"]
[Black "Sowray, Peter J"]
[Result "1/2-1/2"]
[WhiteElo "2596"]
[BlackElo "2350"]
[PlyCount "57"]
[EventDate "2011.??.??"]

1. c4 e5 2. g3 Nc6 3. Bg2 d6 4. Nc3 Be6 5. d3 Qd7 6. b4 g6 7. h4 h6 8. Rb1 Bg7
9. Qa4 f5 10. Nd5 Nf6 11. b5 Nd8 12. Qa5 Nxd5 13. cxd5 Bf7 14. e4 O-O 15. Be3
f4 16. gxf4 exf4 17. Bxf4 Bxd5 18. Qd2 Rxf4 19. Qxf4 Bxa2 20. Rc1 Qxb5 21. Ne2
Nc6 22. Qg3 Qa5+ 23. Kf1 Rf8 24. Qxg6 Qd2 25. Rh3 Nd4 26. Re1 Nc2 27. Rc1 Nd4
28. Re1 Nc2 29. Rc1 1/2-1/2

[Event "Politiken Cup 2011"]
[Site "Helsingor"]
[Date "2011.08.04"]
[Round "7.13"]
[White "Ruck, Robert"]
[Black "Korley, Kassa"]
[Result "1-0"]
[WhiteElo "2569"]
[BlackElo "2326"]
[PlyCount "75"]
[EventDate "2011.??.??"]
[BlackTeam "Marshall"]

1. Nf3 Nf6 2. c4 g6 3. g3 Bg7 4. Bg2 O-O 5. d4 c5 6. Nc3 Nc6 7. O-O d6 8. dxc5
dxc5 9. Bf4 Be6 10. Ne5 Nxe5 11. Bxe5 Nh5 12. Bxg7 Nxg7 13. Bxb7 Rb8 14. Bd5
Bh3 15. Re1 e6 16. Bf3 Rxb2 17. Qc1 Rb4 18. Qh6 Bf5 19. e4 Rxc4 20. Rad1 Qa5
21. Nb1 Qxa2 22. g4 Rd4 23. exf5 exf5 24. Nc3 Rxd1 25. Rxd1 Qb2 26. Nd5 fxg4
27. Bxg4 Qe5 28. f4 Qd6 29. f5 Ne8 30. fxg6 fxg6 31. Re1 Ng7 32. Qg5 h5 33.
Be6+ Nxe6 34. Qxg6+ Kh8 35. Qh6+ Kg8 36. Rxe6 Qxd5 37. Rg6+ Kf7 38. Rf6+ 1-0

[Event "Politiken Cup 2011"]
[Site "Helsingor"]
[Date "2011.08.04"]
[Round "7.14"]
[White "Rewitz, Poul"]
[Black "Rapport, Richard"]
[Result "0-1"]
[WhiteElo "2309"]
[BlackElo "2545"]
[PlyCount "70"]
[EventDate "2011.??.??"]
[WhiteTeam "Århus/skolerne"]

1. d4 d5 2. c4 c6 3. Nc3 Nf6 4. Nf3 dxc4 5. e4 b5 6. e5 Nd5 7. a4 e6 8. Ng5 Be7
9. Nge4 Nxc3 10. bxc3 O-O 11. Be2 Nd7 12. Bf3 b4 13. cxb4 Bxb4+ 14. Bd2 c3 15.
Bxc3 Bxc3+ 16. Nxc3 Qa5 17. Qd2 Ba6 18. Ne2 Qxd2+ 19. Kxd2 Rac8 20. Rhb1 Rfd8
21. Ke1 c5 22. Bb7 Bxb7 23. Rxb7 cxd4 24. Rd1 Nc5 25. Rxa7 d3 26. Nc3 Rd4 27.
f3 g5 28. g3 Rc4 29. Nb5 Rc2 30. Rd2 Rc1+ 31. Kf2 Nb3 32. Ke3 Re1+ 33. Kxd3
Rd8+ 34. Nd6 Nxd2 35. f4 Ne4 0-1

[Event "Politiken Cup 2011"]
[Site "Helsingor"]
[Date "2011.08.04"]
[Round "7.15"]
[White "Skovgaard, Peter"]
[Black "Petrov, Marijan"]
[Result "0-1"]
[WhiteElo "2288"]
[BlackElo "2534"]
[PlyCount "50"]
[EventDate "2011.??.??"]
[WhiteTeam "BMS"]

1. e4 g6 2. d4 Bg7 3. Nc3 c6 4. Be3 d5 5. Qd2 dxe4 6. Nxe4 Nd7 7. O-O-O Ngf6 8.
f3 Nxe4 9. fxe4 Nf6 10. Bd3 Ng4 11. Nf3 Nxe3 12. Qxe3 Qa5 13. Bc4 O-O 14. Qf4
Be6 15. d5 Qb4 16. Bb3 Bxd5 17. Rhe1 Bxb3 18. axb3 a5 19. Qd2 Qb6 20. Kb1 a4
21. Qe3 Qa5 22. Qd2 axb3 23. Qxa5 bxc2+ 24. Kxc2 Rxa5 25. Rd7 Rc5+ 0-1

[Event "Politiken Cup 2011"]
[Site "Helsingor"]
[Date "2011.08.04"]
[Round "7.16"]
[White "Gagliardi, Christian"]
[Black "Romanishin, Oleg M"]
[Result "0-1"]
[WhiteElo "2258"]
[BlackElo "2526"]
[PlyCount "68"]
[EventDate "2011.??.??"]
[WhiteTeam "Mariano Comense"]

1. e4 e5 2. Nf3 Nc6 3. Bb5 a6 4. Bxc6 dxc6 5. O-O Qd6 6. Na3 Qe6 7. b3 Ne7 8.
Nc4 Ng6 9. d4 exd4 10. Nxd4 Qg4 11. Bb2 f6 12. Re1 Bb4 13. c3 Be7 14. Qxg4 Bxg4
15. Nf5 Kf7 16. Nxe7 Nxe7 17. e5 Be6 18. exf6 gxf6 19. Ne3 Rhg8 20. g3 Ng6 21.
Ng2 b5 22. Ba3 a5 23. Re4 Bd5 24. Rd4 Ne5 25. Nh4 a4 26. bxa4 Rxa4 27. Rxa4
bxa4 28. f4 Nc4 29. Bb4 Re8 30. Kf2 Nb2 31. a3 Nd3+ 32. Kf1 Bc4 33. Kg2 Ra8 34.
Nf5 c5 0-1

[Event "Politiken Cup 2011"]
[Site "Helsingor"]
[Date "2011.08.04"]
[Round "7.17"]
[White "Zatonskih, Anna"]
[Black "Larsen, Karsten"]
[Result "1-0"]
[WhiteElo "2522"]
[BlackElo "2323"]
[PlyCount "73"]
[EventDate "2011.??.??"]
[BlackTeam "K41"]

1. e4 e5 2. Nf3 Nc6 3. Bb5 a6 4. Ba4 Nf6 5. O-O b5 6. Bb3 Bc5 7. c3 d6 8. d4
Bb6 9. Be3 Bg4 10. dxe5 Nxe5 11. Bxb6 Bxf3 12. gxf3 cxb6 13. f4 Ng6 14. Qf3 Nh4
15. Qh3 Ng6 16. Qf3 Nh4 17. Qh3 Ng6 18. Qe3 Nh5 19. f5 Ngf4 20. Kh1 Qh4 21. Nd2
O-O 22. Nf3 Qh3 23. Rg1 Rae8 24. Rad1 d5 25. Bxd5 Nxd5 26. Rxd5 Nf6 27. Rd4 Ng4
28. Qe2 g6 29. Rg3 Qh5 30. h3 Ne5 31. Qe3 Nc4 32. Qf4 Nxb2 33. Rd5 Kh8 34. f6
g5 35. Rdxg5 Nd3 36. Qe3 Rxe4 37. Qxd3 1-0

[Event "Politiken Cup 2011"]
[Site "Helsingor"]
[Date "2011.08.04"]
[Round "7.18"]
[White "Bulski, Krzysztof"]
[Black "Jorgensen, Michael"]
[Result "1-0"]
[WhiteElo "2479"]
[BlackElo "2271"]
[PlyCount "79"]
[EventDate "2011.??.??"]
[WhiteTeam "HetMaN Szopienice"]
[BlackTeam "Helsingør"]

1. d4 f5 2. g3 Nf6 3. Bg2 g6 4. Nf3 Bg7 5. c4 d6 6. Nc3 O-O 7. O-O Qe8 8. d5
Na6 9. Rb1 Nc5 10. Nb5 Qd8 11. Nbd4 a5 12. b3 Bd7 13. Bb2 c6 14. Ng5 h6 15. Nh3
Qe8 16. Nf4 g5 17. Nd3 f4 18. dxc6 bxc6 19. Nxc5 dxc5 20. Nf3 Rd8 21. Qc2 Qh5
22. Rbd1 Bh3 23. Rxd8 Rxd8 24. Ne5 Bxg2 25. Kxg2 Rd6 26. Rd1 fxg3 27. hxg3 Kf8
28. Ba3 g4 29. Bb2 Ne8 30. Rxd6 Nxd6 31. Nxc6 e5 32. Qd3 Nf7 33. Qd5 Bf6 34.
Qxc5+ Kg7 35. Ne7 Qh3+ 36. Kg1 Ng5 37. Bxe5 Nf3+ 38. exf3 gxf3 39. Bxf6+ Kxf6
40. Nd5+ 1-0

[Event "Politiken Cup 2011"]
[Site "Helsingor"]
[Date "2011.08.04"]
[Round "7.19"]
[White "Matthiesen, Martin"]
[Black "Antonsen, Mikkel"]
[Result "1-0"]
[WhiteElo "2251"]
[BlackElo "2471"]
[PlyCount "141"]
[EventDate "2011.??.??"]
[WhiteTeam "SK68"]
[BlackTeam "Næstvedj"]

1. c4 e6 2. d4 d5 3. Nc3 c6 4. cxd5 exd5 5. Bf4 Bf5 6. e3 Nf6 7. h3 Bd6 8. Bxd6
Qxd6 9. Bd3 Bxd3 10. Qxd3 O-O 11. Nf3 Nbd7 12. O-O Rfe8 13. Nd2 a5 14. Rfc1 a4
15. Qc2 Qb4 16. Rab1 Qa5 17. Ne2 Nb6 18. Nf4 Nc8 19. Nd3 Nd6 20. Nf3 Nfe4 21.
Nc5 Ra7 22. Nxe4 Nxe4 23. Qd1 Raa8 24. Ne1 Qd2 25. Rc2 Qxd1 26. Rxd1 Ra5 27.
Nd3 Rb5 28. Re1 f6 29. g3 Kf7 30. Kg2 Re7 31. Rec1 Re8 32. Re1 Rd8 33. Rec1 Ra8
34. Re1 Nd6 35. Ree2 Nc4 36. Kh2 g5 37. Kg2 Kg6 38. Kg1 Nd6 39. Kg2 h5 40. Re1
Ne4 41. Ree2 Rc8 42. Rc1 Ra8 43. Rcc2 h4 44. g4 Nd6 45. Kg1 Nc4 46. Kg2 f5 47.
Rc1 Re8 48. Rcc2 b6 49. Rc3 fxg4 50. hxg4 Kf6 51. b3 axb3 52. axb3 Na5 53. b4
Nc4 54. Ra2 Re4 55. Kh3 Re8 56. Ra7 Re6 57. Rc7 Kg6 58. Kg2 Kf6 59. Rc1 c5 60.
dxc5 bxc5 61. Rxc5 Rxc5 62. Nxc5 Rc6 63. Ra1 Ne5 64. Kh3 Kg6 65. Ra6 Rxa6 66.
Nxa6 Nc4 67. b5 Kf6 68. Nb4 Ke6 69. Nc6 Kd6 70. Nd4 Nb6 71. Nf3 1-0

[Event "Politiken Cup 2011"]
[Site "Helsingor"]
[Date "2011.08.04"]
[Round "7.20"]
[White "Arnold, Marc T"]
[Black "Stojanovski, Sandi"]
[Result "1-0"]
[WhiteElo "2445"]
[BlackElo "2254"]
[PlyCount "99"]
[EventDate "2011.??.??"]
[WhiteTeam "Marshall Chess Club"]
[BlackTeam "K41"]

1. d4 Nf6 2. Nf3 e6 3. c4 Bb4+ 4. Nbd2 c5 5. a3 Bxd2+ 6. Bxd2 cxd4 7. Nxd4 d5
8. cxd5 Qxd5 9. e3 O-O 10. Nb5 Na6 11. Bc3 Qg5 12. h4 Qh6 13. Be5 Nd5 14. e4
Ne7 15. Bd6 Rd8 16. Qc1 Qxc1+ 17. Rxc1 Kf8 18. e5 Bd7 19. Rh3 Ke8 20. Bxe7 Kxe7
21. Nd6 Rab8 22. Rb3 b5 23. Bxb5 Bxb5 24. Rxb5 Rxb5 25. Nxb5 Rd5 26. Nxa7 Rxe5+
27. Kf1 Kd7 28. Nc6 Re4 29. g3 Kd6 30. Na7 Nc7 31. Nc8+ Kd7 32. Nb6+ Kd6 33.
Nc4+ Kd7 34. f3 Rd4 35. Ne5+ Kc8 36. Nxf7 Rd2 37. b4 Rd3 38. Ng5 Kb7 39. Re1
Rxa3 40. Kg2 Ra6 41. Nxh7 Kc6 42. Re4 Ra7 43. Rg4 Ne8 44. Rg6 Kd5 45. Ng5 Nf6
46. g4 e5 47. h5 Ne8 48. Ne4 Rf7 49. b5 Nf6 50. h6 1-0

[Event "Politiken Cup 2011"]
[Site "Helsingor"]
[Date "2011.08.04"]
[Round "7.22"]
[White "Tuhrim, Richard"]
[Black "Andersen, Mads"]
[Result "0-1"]
[WhiteElo "2163"]
[BlackElo "2422"]
[PlyCount "92"]
[EventDate "2011.??.??"]
[WhiteTeam "Marshall"]
[BlackTeam "Skanderborg"]

1. Nf3 Nf6 2. c4 g6 3. Nc3 d5 4. cxd5 Nxd5 5. e4 Nxc3 6. dxc3 Qxd1+ 7. Kxd1 Bg7
8. Bf4 c6 9. Kc2 Nd7 10. Bc4 O-O 11. a4 a5 12. Nd2 b6 13. Be3 Rb8 14. Be2 f5
15. f3 Nf6 16. h3 fxe4 17. fxe4 Be6 18. Bc4 Bxc4 19. Nxc4 Nd7 20. Rad1 Rb7 21.
Rd2 Kf7 22. Rxd7 Rxd7 23. Bxb6 Ke6 24. Nxa5 Ke5 25. Re1 Kf4 26. Nc4 Kg3 27. Re2
Rf1 28. a5 Ra1 29. Kb3 e6 30. Rf2 Rb7 31. Kb4 c5+ 32. Kxc5 Kxf2 33. Kc6+ Rxb6+
34. axb6 Ra4 35. b3 Ra8 36. b7 Rg8 37. e5 Kxg2 38. Kc7 Kxh3 39. b8=Q Rxb8 40.
Kxb8 g5 41. b4 g4 42. b5 g3 43. b6 g2 44. b7 g1=Q 45. Kc8 Qc5+ 46. Kd7 Bxe5 0-1